Every The LEGO Movie Minifigure Ever Released - Statistics

General Stats
  • This quiz has been taken 14 times
  • The average score is 16 of 56
Answer Stats
% Correct
Emmet
100%
Bad Cop/Good Cop
91%
Batman
91%
MetalBeard
82%
Wyldstyle
82%
Benny
73%
Lord Business
73%
President Business
73%
Unikitty
64%
Ghost Vitruvius
55%
Vitruvius
55%
Abraham Lincoln
36%
Ice Cream Jo
36%
Gail the Construction Worker
27%
Garbage Man Dan
27%
Garbage Man Grant
27%
Ice Cream Mike
27%
Kebab Bob
27%
Plumber Joe
27%
Blacktron Fan
18%
Blake the “Where are my Pants?” Guy
18%
Blaze Firefighter
18%
Calamity Drone
18%
Cardio Carrie
18%
Deputron
18%
El Macho Wrestler
18%
Fabu-Fan
18%
Frank the Foreman
18%
Gallant Guard
18%
Gordon Zola
18%
Green Ninja
18%
Johnny Thunder
18%
Larry the Barista
18%
Ma Cop
18%
Pa Cop
18%
Robo Pilot
18%
Robo SWAT
18%
Rootbeer Belle
18%
Sharon Shoehorn
18%
Sheriff Not-A-Robot
18%
Sir Stackabrick
18%
Sudds Backwash
18%
Velma Staplebot
18%
Wiley Fusebot
18%
Alfie the Apprentice
9%
Dr. McScrubs
9%
Executive Ellen
9%
Hank Haystack
9%
Marsha Queen of the Mermaids
9%
Mrs. Scratchen-Post
9%
Panda Guy
9%
Robo Crocodile
9%
Robot Fed
9%
Skeletron
9%
Taco Tuesday Guy
9%
William Shakespeare
9%
No matching quizzes found
Score Distribution
Percent of People with Each Score
Percentile by Number Answered
Your Score History
You have not taken this quiz